| 000 | 00666nam a2200253Ia 4500 | ||
|---|---|---|---|
| 003 | OSt | ||
| 005 | 20221005085602.0 | ||
| 006 | a|||||r|||| 00| 0 | ||
| 007 | ta | ||
| 008 | 221004b |||||||| |||| 00| 0 eng d | ||
| 024 | _a103252 | ||
| 037 | _cTextual | ||
| 040 |
_aCRL _cCRL _beng |
||
| 041 |
_2eng _aeng |
||
| 082 | _aC9B3, L0 | ||
| 100 |
_aChand Ramesh Ed. _9504888 |
||
| 245 | 0 | _aSymmetries and quark models | |
| 260 |
_aNew York _bGordon and Breach Science Publishers _c1970 |
||
| 300 |
_axi,403p _ccm. |
||
| 500 | _aDSK Collection | ||
| 650 | _aPHYSICS | ||
| 942 |
_hC9B3, L0 _cTEXL _2cc |
||
| 999 |
_c994426 _d994426 |
||